Normal view
MARC view
Entry Personal Name
001 - CONTROL NUMBER
- control field: 37640
003 - CONTROL NUMBER IDENTIFIER
- control field: ARRUPE
005 - DATE AND TIME OF LATEST TRANSACTION
- control field: 20171121152826.0
008 - FIXED-LENGTH DATA ELEMENTS
- fixed length control field: 171121|| aca||aabn | a|a d
040 ## - CATALOGING SOURCE
- Original cataloging agency: ARRUPE
- Transcribing agency: ARRUPE
100 ## - HEADING--PERSONAL NAME
- Personal name: Grene, David
- Dates associated with a name: 1942-
- Relator term: ed.
670 ## - SOURCE DATA FOUND
- Source citation: Work cat.: (ARRUPE)0: Grene, David 1942- ed., The complete Greek tragedies Euripides IV, 1958